C'est en Vendée (Mort subite) - Statistiques

Statistiques générales
  • Ce quiz a été pris 968 fois
  • Le résultat moyen est 9 sur 15
Answers on the Grid
Answers color-coded by a green-red scale on the quiz's grid according to % correct below.
Ile de Noirmoutier
Ile d'Yeu
La Roche -sur-Yon
Le Passage du Gois
Le Puy du Fou
Montaigu
Saint-Jean-de-Monts
Les Sables-d'Olonne
Challans
Fontenay-le-Comte
Les Herbiers
Luçon
Le Puits d'Enfer
Le Poiré-sur-Vie
Ile du Pilier
Fort Boyard
Saint-Brévin-les-Pins
Villeneuve-en-Retz
Nantes
La Corderie Royale
Saint-Philbert-de-Grand-Lieu
Guérande
Niort
Cholet
Machecoul
Pornic
Le Futuroscope
La Rochelle
Ile de Ré
Ile d'Oléron
 
Statistiques - réponses
Réponse % Correct
La Roche -sur-Yon
72%
Les Sables-d'Olonne
69%
Challans
67%
Le Puy du Fou
66%
Saint-Jean-de-Monts
65%
Ile de Noirmoutier
64%
Fontenay-le-Comte
63%
Ile d'Yeu
63%
Les Herbiers
63%
Luçon
63%
Montaigu
62%
Le Poiré-sur-Vie
60%
Le Passage du Gois
55%
Le Puits d'Enfer
33%
Ile du Pilier
13%
Aucun quiz correspondant
Distribution des résultats
% des personnes avec chaque résultat
Percentile par nombre de réponses
Votre historique - résultats
Vous n’avez pas pris ce quiz